<?xml version="1.0" encoding="UTF-8"?>
<collection xmlns="http://www.loc.gov/MARC21/slim">
 <record>
  <leader>01055cam a2200217 7i4500</leader>
  <controlfield tag="001">0000045250</controlfield>
  <controlfield tag="005">20111013090000.0</controlfield>
  <controlfield tag="008">111013s2004                 v           eng   </controlfield>
  <datafield tag="020" ind1="0" ind2="0">
   <subfield code="a">1930527608 </subfield>
  </datafield>
  <datafield tag="090" ind1="0" ind2="0">
   <subfield code="a">QK 603 </subfield>
   <subfield code="b">.F5 2004</subfield>
  </datafield>
  <datafield tag="245" ind1="0" ind2="4">
   <subfield code="a">The biology of fungi.</subfield>
  </datafield>
  <datafield tag="260" ind1="0" ind2="0">
   <subfield code="a">Beaufort, SC: </subfield>
   <subfield code="b">Biomedia Assocites.</subfield>
  </datafield>
  <datafield tag="300" ind1=" " ind2=" ">
   <subfield code="a">1 videocassette (ca. 22 min.): </subfield>
   <subfield code="b">sd., col.; </subfield>
   <subfield code="c">1/2 in.</subfield>
  </datafield>
  <datafield tag="490" ind1="0" ind2="0">
   <subfield code="a">Biology of series</subfield>
  </datafield>
  <datafield tag="520" ind1="0" ind2="0">
   <subfield code="a">Explores the structure, life cycles, classification and evolutionary relationaships of four major lines of fungi: Chytrids, Zygomycetes (various molds), Asocomycetes (cup fungi), and Basidiomycetes (mushrooms). Also covered are the fungi imperfecti, a grab bag of asexual species, difficult to assign to any of the major lines of fun</subfield>
  </datafield>
  <datafield tag="538" ind1="0" ind2="0">
   <subfield code="a">VHS</subfield>
  </datafield>
  <datafield tag="650" ind1="0" ind2="0">
   <subfield code="a">Video recordings for the hearing impaired </subfield>
  </datafield>
  <datafield tag="650" ind1="0" ind2="0">
   <subfield code="a">Fungi </subfield>
  </datafield>
  <datafield tag="710" ind1="2" ind2="1">
   <subfield code="a">BioMEDIA Associates </subfield>
  </datafield>
  <datafield tag="999" ind1=" " ind2=" ">
   <subfield code="a">1100037093</subfield>
   <subfield code="b">Video</subfield>
   <subfield code="c">Bahan Sumber Media</subfield>
   <subfield code="e">BILIK BAHAN SUMBER MEDIA</subfield>
  </datafield>
  <datafield tag="999" ind1=" " ind2=" ">
   <subfield code="a">1100047683</subfield>
   <subfield code="b">Video Compact Disc</subfield>
   <subfield code="c">Bahan Sumber Media</subfield>
   <subfield code="e">BILIK BAHAN SUMBER MEDIA</subfield>
  </datafield>
 </record>
</collection>
